000 00785nam a2200229Ii 4500
003 JO-AjNU
008 230605s9999||||xx |||||||||||||| ||und||
017 _a2006/8/2305
020 _a9957-455-28-1
040 _aJO-AjNU
_bara
_erda
_cJO-AjNU
041 _aara
050 1 4 _aBJ1291.T44.2007
100 3 _aالثعالبي،ابي منصور عبد الملك بن محمد ، الثامري،احسان ذنون/دراسة وتحقيق,
_eauthor
_923530
245 0 0 _aمرآة المروءات
250 _aط1
264 3 1 _aعمان:دار ورد للنشر والتوزيع ، 2007
300 _a110ص
336 _atext
_btxt
_2rdacontent
337 _aunmediated
_bn
_2rdamedia
338 _avolume
_bnc
_2rdacarrier
650 4 _aالاخلاق الاسلامية
_923531
999 _aA8526
_c12094
_d12094